| 000 | 00783nam a2200289Ia 4500 | ||
|---|---|---|---|
| 001 | Para_1956 | ||
| 003 | CHAP | ||
| 008 | 220125s1996 xx 000 0 und d | ||
| 010 | _a200563 | ||
| 040 | _cCHAP | ||
| 082 | _aPA 574.5 B4 | ||
| 100 |
_aNebel, Bernard J. _9165428 |
||
| 245 |
_aEnvironmental science : _b the way the worlds works / _c by Bernard J. Nebel and Richard T. Wright |
||
| 250 | _a5a. | ||
| 260 |
_aNew Jersey : _b Prentice Hall |
||
| 300 | _a698 p. | ||
| 650 |
_aEcologĂa _935134 |
||
| 650 |
_aEcosistemas _9138323 |
||
| 700 |
_aWright, Richard T. _9165429 |
||
| 901 | _aPA 574.5 B4 | ||
| 902 | _aA | ||
| 905 | _a0000001996 a 0000000000 00 | ||
| 910 | _a1996 | ||
| 942 | _cPARA | ||
| 942 |
_cPARA _d1 |
||
| 999 |
_c200563 _d200563 |
||